|
|
|
|
| LEADER |
00000nab a2200000 a 4500 |
| 001 |
vtls000521200 |
| 003 |
SK-MaSNL |
| 005 |
20260304093135.0 |
| 008 |
250425c1994 xo 0 slo |
| 015 |
|
|
|a SNBRB19rr/mm-uuuuu
|
| 035 |
|
|
|a CL0521338
|
| 035 |
|
|
|a (urnnbn)urn:nbn:sk:snk:ar-004sgt
|
| 035 |
|
|
|a (uuid)c612f219-39ce-4ecb-9e6a-46340cea3729
|
| 035 |
|
|
|a urn:nbn:sk:snk-ab7x7y
|
| 040 |
|
|
|a SNKBUCL
|b slo
|c SNKBUCL
|e AACR2
|
| 041 |
0 |
|
|a slo
|
| 044 |
|
|
|a xo
|c SK
|
| 080 |
|
|
|a 94(084.4)(048)
|2 1981
|
| 080 |
|
|
|a 930.9"11/15"(084.4)(048)
|2 1981
|
| 100 |
1 |
|
|a Bernát, Libor,
|d 1958-
|4 aut
|9 10394
|
| 245 |
1 |
0 |
|a Grosser Bildatlas der Kreuzüge
|c Libor Bernát
|
| 650 |
0 |
7 |
|a križiaci
|2 snkbucl
|9 73488
|
| 650 |
0 |
7 |
|a križiacke výpravy
|2 snkbucl
|9 78934
|
| 655 |
|
7 |
|a články z novín a časopisov
|2 snkbucl
|9 267496
|
| 773 |
0 |
|
|t Historický časopis
|g Roč. 42, č. 2 (1994), s. 368
|x 0018-2575
|
| 787 |
0 |
8 |
|i Rec.:
|t Grosser Bildatlas der Kreuzüge
|d Freiburg - Basel - Wien : Herder, 1992
|
| 850 |
|
|
|a Slovenská národná knižnica
|
| 852 |
|
|
|a Slovenská národná knižnica
|
| 954 |
|
|
|a odborná, vedecká literatúra pôvodná (slovenská)
|2 lita
|
| 958 |
|
|
|a article9
|
| 958 |
|
|
|a OND
|
| 958 |
|
|
|a RK
|
| 958 |
|
|
|a EUIPO
|
| 992 |
|
|
|a RBX
|
| 999 |
|
|
|c 2821813
|d 2823743
|